Overseas Indians : (Record no. 65417)

MARC details
000 -LEADER
fixed length control field 00427nam a22001457a 4500
005 - DATE AND TIME OF LATEST TRANSACTION
control field 20180727125418.0
020 ## - INTERNATIONAL STANDARD BOOK NUMBER
International Standard Book Number 8175412259
Terms of availability 495.00
035 ## - SYSTEM CONTROL NUMBER
System control number B-164410, B-164409
037 ## - SOURCE OF ACQUISITION
Stock number DPL
Source of stock number/acquisition ENG
100 ## - MAIN ENTRY--PERSONAL NAME
Personal name Singh, Shubha
245 ## - TITLE STATEMENT
Title Overseas Indians :
Remainder of title The global family /
Statement of responsibility, etc by Shubha Singh
260 ## - PUBLICATION, DISTRIBUTION, ETC. (IMPRINT)
Place of publication, distribution, etc Delhi
Name of publisher, distributor, etc Shipra Publications
Date of publication, distribution, etc 2005
300 ## - PHYSICAL DESCRIPTION
Extent v, 223p.
Dimensions 20 cms.
942 ## - ADDED ENTRY ELEMENTS (KOHA)
Source of classification or shelving scheme Dewey Decimal Classification
Item type English Books
Classification part 305.891411
Call number suffix SIN
Holdings
Withdrawn status Lost status Not for loan Collection code Home library Current library Date acquired Cost, normal purchase price Full call number Barcode Cost, replacement price Koha item type Source of acquisition
      Non-fiction Patel Nagar Patel Nagar 27/07/2018 495.00 305.891411 SIN   495.00 English Books BPPD/PUB
      Non-fiction Sarojini Nagar Sarojini Nagar 21/04/2012 495.00 305.891411 SIN B-164410 495.00 English Books  

© Delhi Public Library
Hit Counter
free hit counter